Fragmentos de mis memorias / (Record no. 12365)

MARC details
000 -LEADER
campo de control de longitud fija 00867nam a2200241 i 4500
001 - NÚMERO DE CONTROL
campo de control 12365
003 - IDENTIFICADOR DE NÚMERO DE CONTROL
campo de control ES-MaACL
005 - FECHA Y HORA DE LA ÚLTIMA TRANSACCIÓN
campo de control 20230906150310.0
008 - DATOS DE LONGITUD FIJA--INFORMACIÓN GENERAL
campo de control de longitud fija 920902s1989 sp |||| |aspa d
020 ## - NÚMERO INTERNACIONAL ESTÁNDAR DEL LIBRO
Número Internacional Estándar del Libro 84-84-87137-09-1
080 ## - NÚMERO DE LA CLASIFICACIÓN DECIMAL UNIVERSAL
Número de la Clasificación Decimal Universal 929 Estévanez, Nicolás
100 1# - ENTRADA PRINCIPAL--NOMBRE DE PERSONA
Nombre de persona Estévanez, Nicolás.
9 (RLIN) 48127
245 10 - MENCIÓN DEL TÍTULO
Título Fragmentos de mis memorias /
Mención de responsabilidad, etc. Nicolás Estévanez y Murphy.
260 ## - PUBLICACIÓN, DISTRIBUCIÓN, ETC.
Lugar de publicación, distribución, etc. Islas Canarias :
Nombre del editor, distribuidor, etc. Vicesecretaría de Cultura y Deportes, Gobierno de Canarias,
Fecha de publicación, distribución, etc. 1989.
300 ## - DESCRIPCIÓN FÍSICA
Extensión 282 p. ;
Dimensiones 21 cm.
490 1# - MENCIÓN DE SERIE
Mención de serie Biblioteca básica canaria ;
Designación de volumen o secuencia 12
600 14 - PUNTO DE ACCESO ADICIONAL DE MATERIA--NOMBRE DE PERSONA
Nombre de persona Estévanez, Nicolás.
9 (RLIN) 48127
651 #4 - PUNTO DE ACCESO ADICIONAL DE MATERIA--NOMBRE GEOGRÁFICO
Nombre geográfico España-
Subdivisión general Historia-
Subdivisión cronológica S.XIX-
Subdivisión de forma Relatos personales.
9 (RLIN) 8356
710 1# - ENTRADA AGREGADA--NOMBRE DE ENTIDAD CORPORATIVA
Nombre de entidad corporativa o nombre de jurisdicción como elemento de entrada Canarias.
Unidad subordinada Viceconsejería de Cultura y Deportes.
9 (RLIN) 2427
830 0# - PUNTO DE ACCESO ADICIONAL DE SERIE-TÍTULO UNIFORME
Título uniforme Biblioteca básica canaria ;
Designación de volumen o secuencia 12
9 (RLIN) 177611
852 ## - LOCALIZACIÓN
Ubicación ES-MaACL
Número de control de estantería L-19758
Holdings
Estatus retirado Estado de pérdida Estado de daño No para préstamo Biblioteca de origen Biblioteca actual Ubicación en estantería Fecha de adquisición Fuente de adquisición Total de préstamos Signatura topográfica completa Código de barras Visto por última vez Precio de reemplazo Tipo de ítem Koha
        Biblioteca del Ateneo de Madrid Biblioteca del Ateneo de Madrid Depósito 2 17/01/2008     L-19758 1012600 23/02/2023 23/02/2023 Libro impreso